[Event "DVM U20 2017"]
[Site "Düsseldorf GER"]
[Date "2017.12.27"]
[Round "2"]
[White "Münk, Johannes"]
[Black "Oezdemir, Edwin-Daniel"]
[Result "1/2-1/2"]
[Termination "normal"]
[Board "7.5"]
[WhiteElo "1540"]
[BlackElo "1790"]
[WhiteTeam "Schachforum Darmstadt"]
[BlackTeam "Düsseldorfer SK"]
[PlyCount "77"]
[WhiteFideId "16241983"]
[BlackFideId "12919055"]
[EventCountry "GER"]
[EventRounds "7"]
[EventType "team-swiss"]
[EventDate "2017.12.26"]

1. d4 d5 2. Bf4 e6 3. Nf3 c5 4. e3 Nc6 5. c3 Bd6 6. Bg3 Nge7 7. Nbd2 O-O 8. Bd3
b6 9. Bxh7+ Kxh7 10. Ng5+ Kh6 11. Qg4 f5 12. Qh4+ Kg6 13. Qh7+ Kf6 14. Qh5 Ng6
15. Ndf3 Bxg3 16. hxg3 Qe8 17. Nh7+ Ke7 18. Qg5+ Kd6 19. Nxf8 Nxf8 20. Rh8 Qe7
21. Qf4+ Kd7 22. Qg5 Qxg5 23. Nxg5 Ke7 24. Rg8 Kf6 25. Rxf8+ Kxg5 26. O-O-O Kg6
27. dxc5 bxc5 28. f3 Bb7 29. Rxa8 Bxa8 30. e4 fxe4 31. fxe4 dxe4 32. Rd6 Kf5
33. Kd2 g5 34. Ke3 a5 35. b3 Bb7 36. Rd7 Ba8 37. Rd6 {(=)} Bb7 38. Rd7 Ba8 39.
Rc7 1/2-1/2

[Event "DVM U20 2017"]
[Site "Düsseldorf GER"]
[Date "2017.12.27"]
[Round "2"]
[White "Wiedenbruch, Paul"]
[Black "Röth, Alexander"]
[Result "1-0"]
[Termination "normal"]
[Board "7.6"]
[WhiteElo "1391"]
[BlackElo "1361"]
[WhiteTeam "Düsseldorfer SK"]
[BlackTeam "Schachforum Darmstadt"]
[PlyCount "37"]
[WhiteFideId "16207343"]
[BlackFideId "16255976"]
[EventCountry "GER"]
[EventRounds "7"]
[EventType "team-swiss"]
[EventDate "2017.12.26"]

1. e4 c6 2. d4 d5 3. Nc3 dxe4 4. Nxe4 Bf5 5. Ng3 Bg6 6. f4 e6 7. Nf3 Nd7 8. Bd3
Bxd3 9. Qxd3 Ngf6 10. Bd2 Be7 11. O-O O-O 12. Rae1 Re8 13. c4 Bf8 14. Ne5 Nxe5
15. fxe5 Nd7 16. Ne4 c5 17. Ng5 g6 18. Rxf7 Bh6 19. Rxh7 1-0

[Event "DVM U20 2017"]
[Site "Düsseldorf GER"]
[Date "2017.12.27"]
[Round "2"]
[White "Zähringer, Daniel"]
[Black "Syrov, Arkadi"]
[Result "1/2-1/2"]
[Termination "normal"]
[Board "8.1"]
[WhiteElo "2042"]
[BlackElo "2279"]
[WhiteTeam "SK König Plauen"]
[BlackTeam "SK Frankenthal"]
[PlyCount "77"]
[WhiteFideId "12970280"]
[BlackFideId "12942448"]
[EventCountry "GER"]
[EventRounds "7"]
[EventType "team-swiss"]
[EventDate "2017.12.26"]

1. Nf3 Nf6 2. c4 c5 3. b3 g6 4. Bb2 Bg7 5. g3 O-O 6. Bg2 Nc6 7. O-O d5 8. cxd5
Nxd5 9. Bxg7 Kxg7 10. Qc1 Qa5 11. Qb2+ f6 12. Na3 Rd8 13. Rfc1 Be6 14. Ng5 Bg8
15. Ne4 b6 16. d3 Nd4 17. e3 Ne2+ 18. Qxe2 Qxa3 19. Nc3 Nxc3 20. Rxc3 {(=)}
Rab8 21. Rd1 Rd6 22. Rc2 Rbd8 23. Rcd2 e5 24. h4 Qa6 25. h5 Bd5 26. Bxd5 Rxd5
27. hxg6 hxg6 28. Qg4 Qb7 29. Qe4 f5 30. Qc4 Qd7 31. Kg2 g5 32. Qc3 g4 33. Qc4
Qc6 34. Kf1 Rd4 35. exd4 Qh1+ 36. Ke2 Qf3+ 37. Ke1 Qh1+ 38. Ke2 Qf3+ 39. Ke1
1/2-1/2

[Event "DVM U20 2017"]
[Site "Düsseldorf GER"]
[Date "2017.12.27"]
[Round "2"]
[White "Tresch, Lukas"]
[Black "Fischer, Erik"]
[Result "1-0"]
[Termination "normal"]
[Board "8.2"]
[WhiteElo "2020"]
[BlackElo "1953"]
[WhiteTeam "SK Frankenthal"]
[BlackTeam "SK König Plauen"]
[PlyCount "101"]
[WhiteFideId "12938866"]
[BlackFideId "12956678"]
[EventCountry "GER"]
[EventRounds "7"]
[EventType "team-swiss"]
[EventDate "2017.12.26"]

1. e4 c5 2. c3 Nf6 3. e5 Nd5 4. d4 cxd4 5. Nf3 Nc6 6. cxd4 d6 7. Bc4 e6 8. O-O
Be7 9. Re1 O-O 10. a3 a6 11. Qe2 dxe5 12. dxe5 b5 13. Bd3 Bb7 14. Qe4 g6 15.
Bh6 Re8 16. Nbd2 Nb6 17. Bb1 Bf8 18. Bg5 Be7 19. Qh4 Nd4 20. Bxe7 Nxf3+ 21.
Nxf3 Qxe7 22. Ng5 h5 23. Ba2 Bd5 24. Bxd5 Nxd5 25. Qg3 Rac8 26. Rac1 Qd7 27.
Ne4 Rxc1 28. Rxc1 Rc8 29. Qg5 Rxc1+ 30. Qxc1 Kg7 31. h4 Qc7 32. Qxc7 Nxc7 33.
Kf1 Nd5 34. g3 b4 35. a4 b3 36. Ke2 Nb6 37. Nc5 Nc4 38. Nxa6 Nxb2 39. Nc5 Nc4
40. Nxb3 Nxe5 41. a5 Nc6 42. a6 Kf6 43. Na5 Na7 44. Kd3 Ke5 45. Ke3 f6 46. f3
g5 47. Nb3 gxh4 48. gxh4 Nc8 49. Nd4 Na7 50. f4+ Kd5 51. Ne2 1-0

[Event "DVM U20 2017"]
[Site "Düsseldorf GER"]
[Date "2017.12.27"]
[Round "2"]
[White "Linnert, Niklas"]
[Black "Mäurer, Fabian"]
[Result "0-1"]
[Termination "normal"]
[Board "8.3"]
[WhiteElo "1979"]
[BlackElo "1968"]
[WhiteTeam "SK König Plauen"]
[BlackTeam "SK Frankenthal"]
[PlyCount "70"]
[WhiteFideId "12974781"]
[BlackFideId "12965944"]
[EventCountry "GER"]
[EventRounds "7"]
[EventType "team-swiss"]
[EventDate "2017.12.26"]

1. e4 d6 2. d4 g6 3. Nc3 Bg7 4. Be3 a6 5. a4 b6 6. Bd3 Bb7 7. Nge2 e6 8. f3 Nd7
9. Qd2 h6 10. h4 c5 11. g4 Qc7 12. dxc5 dxc5 13. b3 Ne5 14. Kf2 Ne7 15. Rad1
O-O-O 16. Kg2 c4 17. bxc4 Nxc4 18. Qc1 Nxe3+ 19. Qxe3 Bxc3 20. Nxc3 Qxc3 21.
Qxb6 Qc7 22. Qe3 h5 23. g5 Nc6 24. Rb1 Rd7 25. Rb2 Ne5 26. Rhb1 Nc4 27. Bxc4
Qxc4 28. a5 Rhd8 29. c3 Rd1 30. Rxb7 Rxb1 31. Rxb1 Qa2+ 32. Kg3 Qxb1 33. Qc5+
Kb8 34. Qe5+ Ka8 35. Qc5 Qb5 0-1

[Event "DVM U20 2017"]
[Site "Düsseldorf GER"]
[Date "2017.12.27"]
[Round "2"]
[White "Stein, Daniel"]
[Black "Merkel, Toni"]
[Result "0-1"]
[Termination "normal"]
[Board "8.4"]
[WhiteElo "1960"]
[BlackElo "1884"]
[WhiteTeam "SK Frankenthal"]
[BlackTeam "SK König Plauen"]
[PlyCount "70"]
[WhiteFideId "12939307"]
[BlackFideId "12902624"]
[EventCountry "GER"]
[EventRounds "7"]
[EventType "team-swiss"]
[EventDate "2017.12.26"]

1. d4 Nf6 2. Nf3 g6 3. g3 Bg7 4. Bg2 O-O 5. O-O d6 6. c4 c6 7. Nc3 Qc7 8. h3 e5
9. e4 Nbd7 10. Be3 Re8 11. d5 c5 12. a3 a6 13. Nd2 Rb8 14. Qa4 Nb6 15. Qa5
Nbxd5 16. Qxc7 Nxc7 17. b4 Ne6 18. f4 Nd7 19. Rac1 Nd4 20. fxe5 dxe5 21. bxc5
Nxc5 22. Bxd4 exd4 23. Nd5 Re6 24. Rcd1 Bd7 25. Nf3 Nxe4 26. Nxd4 Bxd4+ 27.
Rxd4 Nxg3 28. Nf6+ Rxf6 29. Rxf6 Ne2+ 30. Kf2 Nxd4 31. Rd6 Bxh3 32. Rxd4 Be6
33. c5 Rc8 34. Bxb7 Rxc5 35. Ra4 a5 0-1

[Event "DVM U20 2017"]
[Site "Düsseldorf GER"]
[Date "2017.12.27"]
[Round "2"]
[White "Nguyen Dang, Huy Duc"]
[Black "Syrov, Katharina"]
[Result "1-0"]
[Termination "normal"]
[Board "8.5"]
[WhiteElo "1783"]
[BlackElo "1228"]
[WhiteTeam "SK König Plauen"]
[BlackTeam "SK Frankenthal"]
[PlyCount "49"]
[WhiteFideId "12922846"]
[BlackFideId "16255941"]
[EventCountry "GER"]
[EventRounds "7"]
[EventType "team-swiss"]
[EventDate "2017.12.26"]

1. e4 e5 2. Nf3 Nc6 3. Bc4 Nf6 4. d3 d5 5. exd5 Nxd5 6. Qe2 Bg4 7. h3 Bxf3 8.
Qxf3 Nf6 9. c3 Qd7 10. O-O Be7 11. Re1 a6 12. Bb3 O-O-O 13. Bc2 Kb8 14. Nd2
Rhg8 15. Nc4 Bd6 16. d4 exd4 17. Bf5 Rde8 18. Bg5 Qd8 19. Red1 h6 20. Bh4 g5
21. Nxd6 Qxd6 22. Bg3 Qc5 23. Rac1 Qb6 24. cxd4 Qxb2 25. Rxc6 1-0

[Event "DVM U20 2017"]
[Site "Düsseldorf GER"]
[Date "2017.12.27"]
[Round "2"]
[White "Cygal, Marcel"]
[Black "Graf, Lucas"]
[Result "0-1"]
[Termination "normal"]
[Board "8.6"]
[WhiteElo "1500"]
[BlackElo "1781"]
[WhiteTeam "SK Frankenthal"]
[BlackTeam "SK König Plauen"]
[PlyCount "52"]
[WhiteFideId "16255950"]
[BlackFideId "12974889"]
[EventCountry "GER"]
[EventRounds "7"]
[EventType "team-swiss"]
[EventDate "2017.12.26"]

1. e4 c5 2. Nf3 e6 3. d4 cxd4 4. Nxd4 Nf6 5. Nc3 Nc6 6. Bc4 Qc7 7. O-O a6 8.
Bb3 Be7 9. f3 Nxd4 10. Qxd4 Bc5 11. Be3 Bxd4 12. Bxd4 d6 13. Rad1 O-O 14. Bxf6
gxf6 15. Rfe1 b5 16. a3 Bb7 17. Rd2 Rfd8 18. Red1 a5 19. Nxb5 Qc5+ 20. Nd4 e5
21. c3 exd4 22. cxd4 Qb6 23. Rc2 Qxb3 24. Rdc1 Rac8 25. Rc3 Qxb2 26. R1c2 Qxc2
0-1